NBA Highest Drafted Players by Country - Statistics

General Stats
  • This quiz has been taken 242 times
    85 since last reset
  • The average score is 20 of 73
Answer Stats
Nationality Draft Pick Player % Correct
Australia 2005 / 2016 1 Andrew Bogut / Ben Simmons
84%
France 2023 / 2024 1 Victor Wembanyama / Zaccharie Risacher
84%
China 2002 1 Yao Ming
84%
Cameroon 2014 3 Joel Embiid
77%
Canada 2013 / 2014 1 Anthony Bennett / Andrew Wiggins
76%
Nigeria 1984 / 1998 1 Hakeem Olajuwon / Michael Olowokandi
74%
Dominican Republic 2015 1 Karl-Anthony Towns
72%
Slovenia 2018 3 Luka Dončić
70%
Spain 2001 3 Pau Gasol
70%
Finland 2017 7 Lauri Markkanen
69%
South Korea 2004 46 Ha Seung-jin
68%
Italy 2006 1 Andrea Bargnani
59%
Bahamas 2018 1 Deandre Ayton
58%
DR Congo 1991 4 Dikembe Mutombo
55%
Japan 2019 9 Rui Hachimura
54%
Israel 2020 9 Deni Avdija
53%
Serbia 2003 2 Darko Miličić
51%
Latvia 2015 4 Kristaps Porziņģis
51%
Sudan 1985 31 Manute Bol
51%
Jamaica 1985 1 Patrick Ewing
49%
New Zealand 2013 12 Steven Adams
46%
Brazil 2002 7 Nenê
45%
Türkiye 2011 3 Enes Kanter
41%
Montenegro 2011 16 Nikola Vučević
39%
South Sudan 2004 7 Luol Deng
38%
Russia 2025 8 Egor Demin
35%
Netherlands 1988 2 Rik Smits
32%
Lithuania 2011 5 Jonas Valančiūnas
28%
Croatia 2016 4 Dragan Bender
27%
Tanzania 2009 2 Hasheem Thabeet
26%
Portugal 2021 39 Neemias Queta
24%
Ukraine 2013 5 Alex Len
23%
Austria 2016 9 Jakob Pöltl
23%
Romania 1993 30 Gheorghe Mureșan
22%
Great Britain 2004 3 Ben Gordon
19%
Mexico 2023 18 Jaime Jaquez Jr.
18%
Angola 2019 34 Bruno Fernando
16%
Poland 2022 9 Jeremy Sochan
16%
Switzerland 2006 13 Thabo Sefolosha
15%
Cape Verde 2014 43 Walter Tavares
15%
Central African Republic 1985 / 2004 52* Anicet {Lavodrama} / Romain {Sato}
14%
Czech Republic 2011 6 Jan Veselý
12%
Lebanon 1988 9 Rony Seikaly
12%
Belgium 2024 52 Ajay Mitchell
11%
Germany 2003 6 Chris Kaman
11%
Venezuela 2010 28 Greivis Vásquez
11%
Luxembourg 2001 57 Alvin Jones
9%
Bosnia and Herzegovina 1999 12 Aleksandar Radojević
7%
Bulgaria 2017 57 Aleksandar Vezenkov
7%
Mali 2016 33 Cheick Diallo
7%
Greece 2016 13 Georgios Papagiannis
7%
Haiti 1987 8 Olden Polynice
7%
Hungary 2011 59* Ádám {Hanga}
5%
Senegal 2001 8 DeSagana Diop
5%
Argentina 2020 23 Leandro Bolmaro
5%
Georgia 2002 5 Nikoloz Tskitishvili
5%
St. Vincent and the Grenadines 1997 8 Adonal Foyle
4%
Egypt 1990 25 Alaa Abdelnaby
4%
Iran 2013 54* Arsalan {Kazemi}
4%
Denmark 2004 51* Christian {Drejer}
4%
Puerto Rico 1987 / 2012 15 José Ortiz / Maurice Harkless
4%
Iceland 1981 61 Petur Gudmundsson
4%
Qatar 2011 57* Tanguy {Ngombo}
4%
Sweden 2012 31 Jeffery Taylor
3%
Estonia 1996 25 Martin Müürsepp
3%
Slovakia 1993 46 Richard Petruška
3%
India 2015 52* Satnam Singh {Bhamara}
3%
Colombia 1991 44* Álvaro {Teherán}
0%
Ghana 2016 51 Ben Bentil
0%
Ireland 1999 17 Cal Bowdler
0%
Antigua and Barbuda 2005 20 Julius Hodge
0%
Panama 1984 29 Stuart Gray
0%
Belarus 2006 48* Vladimir {Veremeenko}
0%
No matching quizzes found
Score Distribution
Percent of People with Each Score
Percentile by Number Answered
Your Score History
You have not taken this quiz since the last reset